Statistics for 「ぢ」「づ」を名前に含む市区町村

Click here to take the quiz!

General Stats

  • This quiz has been taken 160 times
  • The average score is 18 of 30

Answer Stats

都道府県名郡名解答欄% Correct
(づ)福島県-会津若松市
91%
(ぢ)新潟県-小千谷市
81%
(づ)静岡県-沼津市
80%
(づ)福島県南会津郡南会津町
79%
(づ)富山県-魚津市
78%
(づ)東京都(大島支庁)神津島村
77%
(づ)静岡県-焼津市
74%
(づ)神奈川県足柄下郡真鶴町
71%
(づ)福島県河沼郡会津坂下町
69%
(づ)京都府-舞鶴市
69%
(づ)千葉県-木更津市
69%
(づ)京都府-宮津市
67%
(づ)京都府-木津川市
65%
(づ)鳥取県八頭郡智頭町
63%
(づ)福島県耶麻郡西会津町
63%
(づ)福島県大沼郡会津美里町
62%
(づ)長野県-安曇野市
61%
(づ)岐阜県-海津市
58%
(づ)静岡県賀茂郡河津町
57%
(ぢ)長崎県北松浦郡小値賀町
56%
(づ)秋田県-鹿角市
53%
(づ)熊本県菊池郡大津町
52%
(づ)鳥取県西伯郡日吉津村
52%
(づ)香川県綾歌郡宇多津町
51%
(づ)兵庫県-宝塚市
48%
(づ)大阪府-貝塚市
46%
(づ)福島県河沼郡柳津町
40%
(づ)福岡県-飯塚市
39%
(づ)京都府相楽郡和束町
35%
(づ)長野県上水内郡飯綱町
28%

Score Distribution

Percentile by Number Answered

Percent of People with Each Score

Your Score History

You have not taken this quiz